000 00276nam a22001217a 4500
999 _c13114
_d13114
020 _a9781488626494
082 _a658.403
100 _aBelinda Chiera
245 _aQuantitative Methods for Business
260 _aAustralia
_bPearson
_c2019
300 _a400 pages
942 _cBK